PERANG KUCING / (Record no. 204018)

MARC details
000 -LEADER
fixed length control field 00817nam a2200253 i 4500
005 - DATE AND TIME OF LATEST TRANSACTION
control field 20260426151837.0
008 - FIXED-LENGTH DATA ELEMENTS--GENERAL INFORMATION
fixed length control field 260426s2025 my jr 000 f may d
020 ## - INTERNATIONAL STANDARD BOOK NUMBER
International Standard Book Number 9786297687940
Terms of availability RM12.00
Qualifying information paperback
040 ## - CATALOGING SOURCE
Original cataloging agency PPAK
Language of cataloging eng
Transcribing agency PPAK
Description conventions rda
082 04 - DEWEY DECIMAL CLASSIFICATION NUMBER
Classification number 899.2333
Edition number 23
090 00 - LOCALLY ASSIGNED LC-TYPE CALL NUMBER (OCLC); LOCAL CALL NUMBER (RLIN)
Classification number (OCLC) (R) ; Classification number, CALL (RLIN) (NR) 899.2333
Feature heading MKR
Feature heading K
100 0# - MAIN ENTRY--PERSONAL NAME
Personal name MK Riza,
Relator term author.
245 10 - TITLE STATEMENT
Title PERANG KUCING /
Statement of responsibility, etc. MK RIZA ; Editor Nursyafiqah Roslan
264 #1 - PRODUCTION, PUBLICATION, DISTRIBUTION, MANUFACTURE, AND COPYRIGHT NOTICE
Place of production, publication, distribution, manufacture Bandar Baru Nilai, Negeri Sembilan :
Name of producer, publisher, distributor, manufacturer BLINK BOOK SDN BHD,
Date of production, publication, distribution, manufacture, or copyright notice 2025
300 ## - PHYSICAL DESCRIPTION
Extent 124 pages ;
Dimensions 19 cm
336 ## - CONTENT TYPE
Content type term text
Source rdacontent
337 ## - MEDIA TYPE
Media type term unmediated
Source rdamedia
338 ## - CARRIER TYPE
Carrier type term volume
Source rdacarrier
650 10 - SUBJECT ADDED ENTRY--TOPICAL TERM
Topical term or geographic name entry element Children's stories, Malay.
Topical term or geographic name entry element Malay fiction.
Topical term or geographic name entry element Malaysian fiction (Malay).
700 0# - ADDED ENTRY--PERSONAL NAME
Personal name Nursyafiqah Roslan,
Relator term editor.
942 ## - ADDED ENTRY ELEMENTS (KOHA)
Source of classification or shelving scheme Dewey Decimal Classification
Koha item type Book
Holdings
Withdrawn Not for loan Current library Shelving location Date acquired Total Checkouts Full call number Barcode Date last seen Koha item type
    Perpustakaan Alor Setar Pinjaman Kanak-kanak 27/04/2026   K 899.2333 MKR A01914154 27/04/2026 Book
    Perpustakaan Awam Sungai Petani Pinjaman Kanak-kanak 27/04/2026   K 899.2333 MKR A01914155 27/04/2026 Book
    Perpustakaan Baling Pinjaman Kanak-kanak 27/04/2026   K 899.2333 MKR A01914159 27/04/2026 Book
    Perpustakaan Bandar Baharu Pinjaman Kanak-kanak 27/04/2026   K 899.2333 MKR A01914160 27/04/2026 Book
    Perpustakaan Jitra Pinjaman Kanak-kanak 27/04/2026   K 899.2333 MKR A01914156 27/04/2026 Book
    Perpustakaan Kuala Nerang Pinjaman Kanak-kanak 27/04/2026   K 899.2333 MKR A01914164 27/04/2026 Book
    Perpustakaan Kulim Pinjaman Kanak-kanak 27/04/2026   K 899.2333 MKR A01914158 27/04/2026 Book
    Perpustakaan Langkawi Pinjaman Kanak-kanak 27/04/2026   K 899.2333 MKR A01914157 27/04/2026 Book
    Perpustakaan Merbok Pinjaman Kanak-kanak 27/04/2026   K 899.2333 MKR A01914161 27/04/2026 Book
    Perpustakaan Pendang Pinjaman Kanak-kanak 27/04/2026   K 899.2333 MKR A01914165 27/04/2026 Book
    Perpustakaan Sik Pinjaman Kanak-kanak 27/04/2026   K 899.2333 MKR A01914163 27/04/2026 Book
    Perpustakaan Yan Pinjaman Kanak-kanak 27/04/2026   K 899.2333 MKR A01914162 27/04/2026 Book